My Top 50 Anime/Manga - Statistics

General Stats
  • This quiz has been taken 44 times
    23 since last reset
  • The average score is 22 of 50
Answer Stats
Rank Hint Answer % Correct
7 Very long One Piece
100%
2 He ate a finger Jujutsu Kaisen
95%
4 Big guys like to eat the little ones Attack on Titan
90%
6 Kid's whole family is killed in mountains. except 1 Demon Slayer
86%
9 Big yellow dude Assassination Classroom
76%
3 Parents died protecting him. Naruto
76%
28 Singer is murdered in front of her kid Oshi no Ko
76%
23 Sick girl meets a guy and says she wants to eat one of his organs I Want to Eat Your Pancreas
71%
21 Two kids look for a way to get one of their bodies back Fullmetal Alchemist
67%
37 World Cup Blue Lock
62%
41 Smart emotionless guy joins a school just because Classroom of the Elite
62%
32 High school kid thinks he's God Death Note
62%
10 Doctor saves psychopath Monster
62%
24 Big bully regrets his actions and falls in love with victim A Silent Voice
57%
5 Multi racial kid unlocks powers because of an emergency Bleach
57%
30 MR AURA FARMER Solo Leveling
57%
22 War girl learns how to live Violet Evergarden
57%
16 Parallel universe romance Your Name
57%
39 Badminton kid has a crush on basketball girl Blue Box
52%
48 Alien with a tail comes to earth to kill an alien who lost his tail Dragon Ball Z
52%
29 Fat assassin Sakamoto Days
52%
46 Guy goes back in time to solve a mystery Erased
48%
31 Yellow haired dude and his siblings are Sherlock's biggest nemesis Moriarty the Patriot
48%
13 Two girls with the same name meet on a train Nana
48%
12 Kid travels with bandits fueled by revenge Vinland Saga
48%
50 Orphan attracts a lot of birds Black Clover
38%
17 Kid thinks he can overthrow the government Code Geass
38%
40 Big monsters attack the city Kaiju No. 8
38%
49 Kid meets his idol and gets to become like him My Hero Academia
38%
25 Weirdo meets a girl only he can see Rascal Does Not Dream Series
38%
20 Emo lookin kid actually looks good Horimiya
33%
44 Terrorists for a good cause Terror in Resonance
33%
14 Street racing Initial D
29%
45 Antagonist really hates this guy's family Jojo's Bizarre Adventure
29%
1 Kid wants to unify seven warring states Kingdom
29%
8 Main character can't play the sport normally. Kuroko's Basketball
29%
38 Kid joins a martial arts gym Hajime no Ippo
24%
15 Discrimination against "war fighters" 86
19%
18 People in class are deleted from existence Another
19%
42 Band girl joins band but doesn't want to play the instrument she's good at Sound! Euphonium
19%
34 It rains a lot Weathering With You
19%
33 Main characters slowly grow apart 5 Centimeters Per Second
14%
27 6 juvenile criminals enter a correctional center and meet a 7th Rainbow
14%
36 Childhood crush killed her daddy Yona of the Dawn
14%
19 Genius swordsmith makes dangerous magic swords Kagurabachi
10%
26 Scammer joins a band of scammers Great Pretender
5%
43 Detective is not allowed to deduct Kamonohashi Ron's Forbidden Deductions
5%
35 Street doctor saves the prince's life The Apothecary Diaries
5%
11 Doppelgangers Summertime Rendering
0%
47 Girl befriends talking chair Suzume no Tojimari
0%
No matching quizzes found
Score Distribution
Percent of People with Each Score
Percentile by Number Answered
Your Score History
You have not taken this quiz since the last reset